| 000 | 00445nam a22001577a 4500 | ||
|---|---|---|---|
| 005 | 20250410130338.0 | ||
| 008 | 250410b |||||||| |||| 00| 0 eng d | ||
| 082 |
_a005.8 _bWIL-A |
||
| 100 | _aWilks, Yorick | ||
| 245 |
_aArtificial Intelligence : _bModern Magic or Dangerous Future? _cYorick Wilks |
||
| 260 |
_aUSA: _bMcGraw-Hill; _c2019. |
||
| 300 | _c24 cm. | ||
| 500 | _ainclude index. | ||
| 650 | _aArtifacial intellgence | ||
| 999 |
_c36895 _d36895 |
||